Statistiken für Nachbarländer Irak

Klicken Sie hier um das Quiz zu spielen!

Allgemein

  • Dieses Quiz wurde 41 mal gespielt
  • Das Durchschnittsergebnis liegt bei 5 aus 6

Antwortstatistiken

Antwort% Korrekt
Iran
100%
Syrien
97%
Türkei
87%
Jordanien
84%
Saudi-Arabien
84%
Kuwait
76%

Verteilung der Resultate

Perzentil nach korrekt beantworteten Fragen

Anzahl Personen mit jedem Resultat

Ihre Resultats-Entwicklung

Sie haben dieses Quiz noch nicht gespielt